Dinosaurs in the morning ; 41 pieces on jazz.

Bibliographic Details
Main Author: Balliett, Whitney
Format: Book
Language:English
Published: Philadelphia : Lippincott, [1962]
Edition:[1st ed.].
Subjects:

MARC

Tag First Indicator Second Indicator Subfields
LEADER 00000cam a2200000 4500
001 in00000030485
005 20151007061619.0
008 740520s1962 pau 00000 eng u
010 |a  62015202  
035 |a (OCoLC)00890861 
035 |9 AAD2580AM 
040 |c KSU  |d TXA  |d UtOrBLW 
049 |a TXAM  |c [404122] 
050 0 |a ML3561.J3  |b B24 
092 |a 781.57  |b B192d 
100 1 |a Balliett, Whitney. 
245 1 0 |a Dinosaurs in the morning ;  |b 41 pieces on jazz. 
250 |a [1st ed.]. 
264 1 |a Philadelphia :  |b Lippincott,  |c [1962] 
300 |a 224 pages ;  |c 20 cm. 
336 |a text  |b txt  |2 rdacontent 
337 |a unmediated  |b n  |2 rdamedia 
338 |a volume  |b nc  |2 rdacarrier 
650 0 |a Jazz. 
999 |a MARS 
999 f f |s c2ea80c4-7869-35bb-88b8-114610c00a19  |i a56e4da4-a57b-38cb-a5ad-3a7ad9b8ccf6  |t 0 
952 f f |p ric  |a Texas A&M University  |b Rellis Campus  |c Joint Library Facility  |d Remote Storage  |t 0  |e ML3561.J3 B24  |h Library of Congress classification  |i unmediated -- volume  |m A14801169749 
998 f f |a ML3561.J3 B24  |t 0  |l Remote Storage